000 00321 a2200109 4500
001 ART_31277
005 20260410161840.0
008 260409a
245 1 0 _aRégimen de dominio provincial y municipal
100 1 _aBallesteros, José Miguel
773 0 _tRAP
_g- Año 36, Nº 422 (nov. 2013)
_wREV5941
999 _c24014
_d24014